000 00447nam a2200181Ia 4500
001 3392
005 20260306145640.0
008 260306t2009||||xx |||||||||||||| ||spa||
041 _aESP
082 _a272
_bB42
100 _aBenedicto XVI
_eAUT
245 0 _aLos padres de la iglesia:
_bde Clemente de Roma a San Agustín
260 _c2009
300 _a262 páginas :
_c20 cm.
650 _aGEN
654 _aCHU
942 _cLIB
_dJUS
_fJUS
_2ddc
_n
999 _c3392
_d3392